000
00342nam a2200133Ia 4500
008
240624s9999 xx 000 0 und d
041
_a
eng
082
_a
650.1 WIN
100
_a
WIND YORAM
245
_a
POWER OF IMPOSSIBLE THINKING TRANSFORM T
260
_c
2005
_a
Delhi
_b
Wharton School
300
_a
lvi, : 274 : p. : cm. ; 25
365
_c
RS
999
_c
1771
_d
1771